A course in phonetics / (رقم التسجيلة. 26448)
[ عرض عادي ]
| 000 -الفاتح | |
|---|---|
| حقل البيانات ثابتة الطول | 01736cam a2200373 a 4500 |
| 001 - رقم الضبط | |
| رقم الضبط | 613523782 |
| 003 - محدد رقم الضبط | |
| رقم الضبط | OCoLC |
| 005 - وقت وتاريخ اخر تعامل مع التسجيلة | |
| رقم الضبط | 20150408114104.0 |
| 008 - عناصر البيانات ثابتة الطول - معلومات عامة | |
| حقل البيانات ثابتة الطول | 091009s2009 maua b 001 0 eng |
| 010 ## - رقم ضبط مكتبة الكونجرس | |
| رقم ضبط مكتبة الكونجرس | 2009938969 |
| 020 ## - الرقم الدولى المعيارى للكتب | |
| الرقم الدولى المعيارى للكتاب | 9781428231269 (student edition) |
| 020 ## - الرقم الدولى المعيارى للكتب | |
| الرقم الدولى المعيارى للكتاب | 1428231269 (student edition) |
| 020 ## - الرقم الدولى المعيارى للكتب | |
| الرقم الدولى المعيارى للكتاب | 9781439083246 (instructor's edition) |
| 020 ## - الرقم الدولى المعيارى للكتب | |
| الرقم الدولى المعيارى للكتاب | 143908324X (instructor's edition) |
| 020 ## - الرقم الدولى المعيارى للكتب | |
| الرقم الدولى المعيارى للكتاب | 9781428231276 (international student edition) |
| 020 ## - الرقم الدولى المعيارى للكتب | |
| الرقم الدولى المعيارى للكتاب | 1428231277 (international student edition) |
| 035 ## - رقم ضبط النظام | |
| رقم ضبط النظام | (OCoLC)613523782 |
| 040 ## - مصدر الفهرسة | |
| وكالة الفهرسة الأصلية | DLC |
| وكالة النسخ | DLC |
| وكالة التعديل | EQO |
| -- | YDXCP |
| 050 #0 - رقم طلب مكتبة الكونجرس | |
| رقم التصنيف | P221 |
| رقم المادة | .L2 2011 |
| 050 ## - رقم طلب مكتبة الكونجرس | |
| رقم التصنيف | P221 |
| رقم المادة | .L2 2011 |
| 082 ## - رقم تصنيف ديوى العشرى | |
| رقم التصنيف | LPC |
| رقم المادة | 411.52 |
| 100 1# - المدخل الرئيسى - إسم شخصى | |
| الإسم الشخصى | Ladefoged, Peter. |
| 9 (RLIN) | 18360 |
| 245 12 - بيان العنوان | |
| العنوان | A course in phonetics / |
| بيان المسئوليه,etc | Peter Ladefoged, Keith Johnson. |
| 250 ## - بيان الطبعة | |
| بيان الطبعة | 6th ed. |
| 260 ## - PUBLICATION, DISTRIBUTION, ETC. (IMPRINT) | |
| مكان الناشر او الموزع | Boston, MA : |
| اسم الناشر او الموزع | Wadsworth/Cengage Learning, |
| تاريخ النشر أو التوزيع | c2011. |
| 300 ## - الوصف المادى | |
| التعداد | xiii, 322 p. ; |
| تفاصيل ماديه اخرى للوعاء | ill. ; |
| أبعاد الوعاء | 24 cm. |
| المادة المصاحبة | 1 CD-ROM ( 4 3/4 in.) |
| 504 ## - تبصرة ببليوجرافية | |
| تبصرة ببليوجرافية,الخ | Includes bibliographical references and index. |
| 505 0# - تبصرة محتويات-الفهرس | |
| معلومات متنوعة | Part 1: |
| العنوان | Introductory concepts. Articulation and acoustics -- Phonology and phonetic transcription. |
| معلومات متنوعة | Part 2: |
| العنوان | English phonetics. The consonants of English -- English vowels -- English words and sentences. |
| معلومات متنوعة | Part 3: |
| العنوان | General phonetics. Airstream mechanisms and phonation types -- Consonantal gestures -- Acoustic phonetics -- Vowels and vowel-like articulations -- Syllables and suprasegmental features -- Linguistic phonetics. |
| 538 ## - تبصرة تفاصيل النظام | |
| تبصرة التفاصيل الفنية لملف الحاسب | System requirements for accompanying computer disc: Windows 2000, XP (SP2) ; 256 MB RAM. CD-ROM drive. |
| 650 #0 - المدخل الاضافى بالموضوع-مصطلح موضوعى | |
| مصطلح موضوعي أو اسم جغرافي كعنصر مدخل | Phonetics. |
| 9 (RLIN) | 18361 |
| 650 #0 - المدخل الاضافى بالموضوع-مصطلح موضوعى | |
| مصطلح موضوعي أو اسم جغرافي كعنصر مدخل | English language |
| التقسيم الفرعي العام | Phonetics. |
| 9 (RLIN) | 18362 |
| 700 1# - المدخل الاضافى - اسم شخصى | |
| الإسم الشخصى | Johnstone, Keith. |
| 9 (RLIN) | 18363 |
| 942 ## - عناصر المدخل الإضافي( كوها) | |
| مصدر التصنيف او مخطط الترفيف | Dewey Decimal Classification |
| Koha [default] item type | DVD |
| حالة الفقد | نموذج السعر الفعال | حالة تلف | ليس للاعارة | رقم الطلب | تاريخ الاكتساب | الموقع الحالي | الباركود | الفرع الرئيسي | Date last seen | نوع المادة فى نظام كوها | مصدر التصنيف او خطة الترفيف | Total Checkouts | Date last checked out |
|---|---|---|---|---|---|---|---|---|---|---|---|---|---|
| 2013-03-10 | LPC 411.52 | 2012-12-24 | المكتبة المركزية بالمجمعة (CL) | 00401094 | المكتبة المركزية بالمجمعة (CL) | 2013-03-10 | كتاب | Dewey Decimal Classification | |||||
| 2013-03-10 | LPC 411.52 | 2012-12-24 | المكتبة المركزية بالمجمعة (CL) | 00401092 | المكتبة المركزية بالمجمعة (CL) | 2013-03-10 | كتاب | Dewey Decimal Classification | |||||
| 2013-03-10 | LPC 411.52 | 2013-01-01 | المكتبة المركزية بالمجمعة (CL) | 00401619 | المكتبة المركزية بالمجمعة (CL) | 2015-12-23 | كتاب | Dewey Decimal Classification | 1 | 2015-08-19 |
